000 00534nam a2200181Ia 4500
008 090123s9999 xx 000 0 und d
082 _b42068
100 _aरायकर प्रतिभा
245 _aक्षण प्रेमाचा
250 _a1
260 _c2007
300 _a192
600 _aरायकर प्रतिभा
630 _aक्षण प्रेमाचा
700 _aरायकर प्रतिभा
730 _aक्षण प्रेमाचा
942 _cBOOK
999 _c80146
_d80146